Les gaulois
Uloženo v:
| Hlavní autor: | |
|---|---|
| Médium: | Kniha |
| Jazyk: | francouzština |
| Vydáno: |
París
Du Seul
1957
|
| Vydání: | 1a. ed |
| Edice: | L Temps Qui Court, 1
|
| Témata: | |
| Tagy: |
Přidat tag
Žádné tagy, Buďte první, kdo vytvoří štítek k tomuto záznamu!
|
MARC
| LEADER | 00000cam a2200000 a 4500 | ||
|---|---|---|---|
| 001 | UCP9013 | ||
| 003 | CL-VaPUC | ||
| 008 | 000317e19570000FR |||||||||||||||||fre|d | ||
| 082 | 0 | 4 | |a 936.402 |b PER |2 21 |
| 100 | 0 | |a Pernoud, Régine |e author |9 439304 | |
| 245 | 1 | 4 | |a Les gaulois |
| 250 | |a 1a. ed | ||
| 300 | |a 191 p | ||
| 942 | |c BK | ||
| 945 | |d 20000317 00:00:00 |a rherrera | ||
| 260 | |a París |b Du Seul |c 1957 | ||
| 650 | 0 | |a Historia antigua |9 267521 | |
| 650 | 0 | |a Historia de Europa |9 392003 | |
| 650 | 7 | |a GALOS |2 CL-VaPUC |9 439305 | |
| 650 | 7 | |a CELTAS |2 CL-VaPUC |9 265859 | |
| 651 | 7 | |a EUROPA CENTRAL |2 CL-VaPUC |9 313371 | |
| 651 | 0 | |a Francia |9 255157 | |
| 583 | |a last modification |c 20160704 12:30:51 |k Rodrigo Vera | ||
| 490 | 0 | |a L Temps Qui Court, 1 | |
| 999 | |c 285866 |d 285864 | ||
| 952 | |0 0 |1 0 |4 0 |6 936_402000000000000_PER_1957 |7 0 |8 A |9 330717 |a BIBHIS |b BIBHIS |d 2019-11-20 |i 1394819 |o 936.402 PER 1957 |p 1394819 |r 2025-01-20 |w 2019-11-20 |y BK |k HIS | ||
| 952 | |0 0 |1 0 |4 0 |6 936_402000000000000_PER_1957 |7 0 |8 A |9 330718 |a BIBHIS |b BIBHIS |d 2019-11-20 |i 1394827 |o 936.402 PER 1957 |p 1394827 |r 2025-01-20 |w 2019-11-20 |y BK |k HIS | ||
| 952 | |0 0 |1 0 |3 erb |4 0 |6 936_402000000000000_PER_1957 |7 0 |8 A |9 330719 |a FDOHBE |b FDOHBE |e Huesbe Llanos, Marco Antonio, 1934- |i 5308585 |o 936.402 PER 1957 |p 5308585 |r 2024-01-30 |w 2019-11-20 |y BK |z Catalogado en:20160708 |k HBE | ||